LEADER 04488oam 2201045 c 450 001 9910163157703321 005 20250802090638.0 010 $a3-7445-0998-2 010 $a3-86496-844-5 024 3 $a9783744509985 035 $a(CKB)3710000000721455 035 $a(MiAaPQ)EBC4418083 035 $a(Herbert von Halem Verlag)9783744509985 035 $a(EXLCZ)993710000000721455 100 $a20250802d2015 uy 0 101 0 $ager 135 $aurcnu|||||||| 181 $2rdacontent 182 $2rdamedia 183 $2rdacarrier 200 10$aReproduktion sozialer Ungleichheit in Deutschland /$fBoike Rehbein 205 $a1st ed. 210 $aKo?ln$cHerbert von Halem Verlag$d2015 215 $a1 online resource (201 pages) $cillustrations, tables 300 $a[1. Auflage] 311 08$a3-86764-627-9 320 $aIncludes bibliographical references. 327 $gAbbildungsverzeichnis --$gEinleitung --$tKlassen, Habitus und Kapital --$tReproduktion --$tSoziale Klassen --$tBedeutung und Wandlung der Kapitalformen --$tHabitustypen --$tHabitus und Kapital in der Migration --$tDie Praxis der Reproduktion --$tKlassifikation --$tSelektive Anerkennung von Auslandsqualifizierten --$tGender, Partnerschaft und Klasse --$tEthos --$tLebensstile --$tReproduktion der Ungleichheit im Lebenslauf --$gSchluss --$gAnhang : zur Methode --$gLiteratur --$gDie Autorinnen und Autoren. 330 $aBoike Rehbein und sein Forschungsteam legen mit dieser Untersuchung die konstitutiven Mechanismen der sozialen Ungleichheit und die dadurch geschaffenen Trennlinien innerhalb der deutschen Gesellschaft frei. Fu?r diese großangelegte Studie fu?hrten sie zwischen 2010 und 2015 u?ber 300 qualitative Interviews zu Lebensla?ufen und erfassten eine repra?sentative Stichprobe. Die Analyse dieser empirischen Daten zeigt, dass die Sozialstruktur Deutschlands durch das Zusammenspiel jahrhundertealter Traditionslinien, der Weitergabe von Habitus und Kapital an die jeweils na?chste Generation und die unbewusste symbolische Klassifikation erkla?rt werden kann. Damit einhergehend wird in diesem Buch die deutsche Sozialstruktur Schritt fu?r Schritt aufgefa?chert und erla?utert, von historischen Klassenstrukturen u?ber Gender, Migration und institutionelle Selektion bis zur Konstitution von Lebensla?ufen und Lebensstilen. Der Forschungsansatz basiert im Kern auf der Soziologie Pierre Bourdieus, wurde aber im Zusammenhang mit parallelen Untersuchungen in Brasilien, Indien und Su?dostasien weiter ausgearbeitet und im Hinblick auf internationale Vergleichbarkeit verallgemeinert. 606 $aBrasilien 606 $aDistinktion 606 $aGender 606 $aGesellschaftsanalyse 606 $aGesellschaftskritik 606 $aHabitus 606 $aIndien 606 $aInterview 606 $aKapital 606 $aKlasse (soziologisch) 606 $aLebensla?ufe 606 $aLebensstile 606 $aMigration 606 $aMilieus 606 $aQualitative Forschung 606 $aSoziale Ungleichheit 606 $aSozialstruktur 606 $aSoziokulturen 606 $aSymbolische Klassifikation 606 $aSu?dostasien 606 $aUngleichheitsforschung 606 $asymbolische Rekonstruktion von Ungleichheit 606 $aBourdieu 606 $aPierre 606 $aVester 606 $aMichael 615 4$aBrasilien 615 4$aDistinktion 615 4$aGender 615 4$aGesellschaftsanalyse 615 4$aGesellschaftskritik 615 4$aHabitus 615 4$aIndien 615 4$aInterview 615 4$aKapital 615 4$aKlasse (soziologisch) 615 4$aLebensla?ufe 615 4$aLebensstile 615 4$aMigration 615 4$aMilieus 615 4$aQualitative Forschung 615 4$aSoziale Ungleichheit 615 4$aSozialstruktur 615 4$aSoziokulturen 615 4$aSymbolische Klassifikation 615 4$aSu?dostasien 615 4$aUngleichheitsforschung 615 4$asymbolische Rekonstruktion von Ungleichheit 615 4$aBourdieu 615 4$aPierre 615 4$aVester 615 4$aMichael 676 $a305.50943 700 $aRehbein$b Boike$4aut$01775893 801 0$bMiAaPQ 801 1$bMiAaPQ 801 2$bMiAaPQ 906 $aBOOK 912 $a9910163157703321 996 $aReproduktion sozialer Ungleichheit in Deutschland$94415329 997 $aUNINA